Statistics for Avengers: Age of Ultron Cast and Characters

Click here to take the quiz!

General Stats

  • This quiz has been taken 26 times
  • The average score is 20 of 25

Answer Stats

Cast:Character:% Correct
Robert Downey Jr.Iron Man
100%
Chris HemsworthThor
100%
Mark RuffaloHulk
100%
Chris EvansCaptain America
100%
Don CheadleWar Machine
96%
Scarlett JohanssonBlack Widow
96%
Elizabeth OlsenScarlett Witch
96%
Jeremy RennerHawkeye
96%
James Spader(Voice)Ultron
96%
Aaron Taylor-JohnsonQuicksilver
96%
Julie DelpyMadame B
96%
Samuel L. JacksonNick Fury
96%
Tom HiddlestonLoki
92%
Josh BrolinThanos
92%
Anthony MackieFalcon
92%
Paul BettanyVision
92%
Idris ElbaHeimdall
76%
Hayley AtwellPeggy Carter
76%
Stellan SkarsgårdErik Selvig
68%
Cobie SmuldersMaria Hill
68%
Linda CardelliniLaura Barton
48%
Kerry CondonFriday
44%
Claudia KimDr. Helen Cho
40%
Andy SerkisUlysses Klaw
36%
Thomas KretschmannBaron Strucker
32%

Score Distribution

Percentile by Number Answered

Percent of People with Each Score

Your Score History

You have not taken this quiz